000 01123cam a2200229 4500
001 WB3815-14
008 020425n2002 000 0 eng u
035 _a(Sirsi) u117682
245 _aPPPs to deliver NHS plan
260 _c2002
490 _aDoH Press Release
_v(2002/0192) 18 April 2002 (4)
520 _aGovernment plans massive expansion in the use of Public Private Partnerships in order to deliver reform of the NHS. The NHS report "Delivering the NHS plan" outlines how the changes planned will be implemented. The report states that by 2008, with increased funding the NHS expects to have opened 42 additional hospital schemes mostly through PFI and 13 major schemes under construction. http://www.doh.gov.uk/deliveringthenhsplan/index.htm The NHS report can be downloaded http://www.doh.gov.uk/nhsplan/contentspdf.htm
590 _aWB
650 _aPUBLIC PRIVATE PARTNERSHIPS
650 _aPRIVATE FINANCE INITIATIVES
650 _aNHS
650 _aREFORM
650 _aHOSPITALS
650 _aBUILT ENVIRONMENT
690 _aMANAGEMENT-BUSINESS MANAGEMENT-FINANCIAL MANAGEMENT
942 _n0
999 _c70079
_d70079